=LDR 00000nam 2200000 4500 =001 INLIS000000000810566 =005 20260607091205 =035 ##$$a 0010-0626000003 =007 ta =008 260607################g##########0#ind## =020 ##$$a 623221011 =082 ##$$a 302 =084 ##$$a 302 MAL w =100 #$$a Malcolm Gladwell (Pengarang) =245 1#$$a What the Dog Saw : $b dan petualangan petualangan lainya =250 ##$$a Cet. 6 =260 ##$$a Jakarta : :$b Gramedia,$c 2010 =300 ##$$a 463 hlm : $b ilustrasi ; $c 23 cm =700 #$$a Zia Anshor (Penerjemah ) =600 #4$$a Interaksi sosial (Social Interaction) =500 ##$$a Buku ini merupakan hibah dari santri kelas XII Angkatan 3 =990 ##$$a 00000005508 =990 ##$$a 00000005509